[Event "SVK-chT4 A21 1920"]
[Site "Slovakia"]
[Date "2020.01.12"]
[Round "6.2"]
[White "Vach, Jozef"]
[Black "Kanka, Tomas"]
[Result "0-1"]
[WhiteElo "1709"]
[BlackElo "1741"]
[PlyCount "140"]
[EventDate "2019.10.13"]
[EventType "team-tourn"]
[EventRounds "11"]
[EventCountry "SVK"]
[SourceTitle "CBM 194 Extra"]
[Source "ChessBase"]
[SourceDate "2020.03.31"]
[SourceVersion "1"]
[SourceVersionDate "2020.03.31"]
[SourceQuality "1"]
[WhiteTeam "Holic II"]
[BlackTeam "Gbely Nafta III"]
[WhiteTeamCountry "SVK"]
[BlackTeamCountry "SVK"]

1. d4 Nf6 2. Nf3 e6 3. c4 Bb4+ 4. Bd2 c5 5. e3 0-0 6. Bd3 Qa5 7. Nc3 cxd4 8. exd4 a6 9. 0-0 b6 10. Ne4 Ne8 11. a3 Bxd2 12. Nexd2 Bb7 13. Be4 Bxe4 14. Nxe4 Qf5 15. Ng3 Qf6 16. Qb3 Qd8 17. Rac1 Nc6 18. Rfd1 Nf6 19. Ne5 Qc7 20. Qe3 Rfd8 21. Ne2 Rac8 22. h3 d6 23. Nxc6 Qxc6 24. d5 exd5 25. cxd5 Qb7 26. Nc3 h6 27. Qf3 Re8 28. Rd4 Re5 29. Rcd1 Rce8 30. Kh2 b5 31. Rb4 Qd7 32. Qd3 Qa7 33. Rf4 Nd7 34. Qf3 R5e7 35. Rd2 Ne5 36. Qg3 Ng6 37. Rf5 Qd7 38. Rh5 Re1 39. Qd3 Nf4 40. Qf5 Qxf5 41. Rxf5 Ng6 42. Rf3 Ne5 43. Re3 Rxe3 44. fxe3 Nc4 45. Re2 Rxe3 46. b3 Rxc3 47. bxc4 bxc4 48. Re8+ Kh7 49. Rd8 Rxa3 50. Rxd6 Ra5 51. Rd8 c3 52. d6 Rd5 53. d7 c2 54. Rc8 Rxd7 55. Rxc2 a5 56. Ra2 Rd5 57. Kg3 g5 58. Kf3 Kg6 59. g4 f6 60. Ke4 Re5+ 61. Kd4 h5 62. Rb2 a4 63. Rf2 hxg4 64. hxg4 a3 65. Kc3 Re3+ 66. Kd4 Rg3 67. Ra2 Rxg4+ 68. Ke3 Rg3+ 69. Kf2 Rb3 70. Ke1 g4 0-1

[Event "SVK-chT4 A21 1920"]
[Site "Slovakia"]
[Date "2019.11.10"]
[Round "3.2"]
[White "Blatnicky, Miroslav"]
[Black "Vach, Jozef"]
[Result "1-0"]
[WhiteElo "2112"]
[BlackElo "1709"]
[PlyCount "109"]
[EventDate "2019.10.13"]
[EventType "team-tourn"]
[EventRounds "11"]
[EventCountry "SVK"]
[SourceTitle "CBM 193 Extra"]
[Source "ChessBase"]
[SourceDate "2020.01.31"]
[SourceVersion "1"]
[SourceVersionDate "2020.01.31"]
[SourceQuality "1"]
[WhiteTeam "Vrbove"]
[BlackTeam "Holic II"]
[WhiteTeamCountry "SVK"]
[BlackTeamCountry "SVK"]

1. e4 e5 2. Nf3 Nc6 3. Bb5 a6 4. Ba4 Nf6 5. 0-0 d6 6. Bxc6+ bxc6 7. d4 Nxe4 8. Re1 d5 9. Nxe5 Bd7 10. f3 Bd6 11. fxe4 0-0 12. Nxd7 Qxd7 13. e5 Bb4 14. c3 Ba5 15. Nd2 Bb6 16. Nf3 c5 17. Be3 c4 18. Qc2 h6 19. Re2 a5 20. Rf1 a4 21. a3 c6 22. Nh4 Bd8 23. Nf5 Qe6 24. Rf3 h5 25. Ref2 Ra7 26. Ng3 Bh4 27. Qf5 Qxf5 28. Rxf5 g6 29. R5f3 Kg7 30. Re2 Rb8 31. Bc1 Re8 32. Nf1 Re6 33. g3 Bd8 34. Ne3 f6 35. exf6+ Rxf6 36. Rxf6 Bxf6 37. Nc2 Kf7 38. Nb4 Rc7 39. h4 Be7 40. Bg5 Bf8 41. Rf2+ Kg8 42. Rf6 Kg7 43. Rxc6 Rb7 44. Ra6 Rd7 45. Rxa4 Bxb4 46. cxb4 Rc7 47. Bf4 c3 48. bxc3 Rxc3 49. b5 Kf6 50. b6 Kf5 51. Kf2 Ke4 52. Ke2 Rc2+ 53. Bd2 Rc8 54. Rb4 Rb8 55. b7 1-0

[Event "SVK-chT4 A21 1718"]
[Site "Slovakia"]
[Date "2018.02.25"]
[Round "10.2"]
[White "Vach, Jozef"]
[Black "Dubecky, Ladislav"]
[Result "1-0"]
[WhiteElo "1685"]
[BlackElo "1632"]
[PlyCount "105"]
[EventDate "2017.10.01"]
[EventType "team-tourn"]
[EventRounds "11"]
[EventCountry "SVK"]
[SourceTitle "EXT 2020"]
[Source "ChessBase"]
[SourceDate "2019.10.17"]
[SourceVersion "1"]
[SourceVersionDate "2019.10.17"]
[SourceQuality "1"]
[WhiteTeam "Holic II"]
[BlackTeam "Kopcany"]
[WhiteTeamCountry "SVK"]
[BlackTeamCountry "SVK"]

1. e4 e5 2. Nf3 d6 3. d4 exd4 4. Nxd4 Nf6 5. Nc3 Be7 6. Bc4 0-0 7. 0-0 c5 8. Nf3 Bg4 9. Re1 Nc6 10. Be3 Ne5 11. Be2 Qb6 12. Rb1 Rad8 13. Nd5 Nxd5 14. exd5 Nxf3+ 15. Bxf3 Bxf3 16. Qxf3 Bf6 17. b4 Qc7 18. bxc5 dxc5 19. c4 Be5 20. h3 Bd6 21. Bd2 b6 22. Re4 Qd7 23. Rbe1 Qa4 24. Qb3 Qd7 25. Bg5 Rde8 26. Qe3 Rxe4 27. Qxe4 f6 28. Qe6+ Qxe6 29. Rxe6 Bb8 30. Be3 Kf7 31. f4 Re8 32. f5 Rxe6 33. fxe6+ Ke7 34. Kf2 a6 35. a4 Bd6 36. Kf3 h5 37. g4 hxg4+ 38. hxg4 Bc7 39. Ke4 g6 40. Bf4 Bd8 41. Bb8 b5 42. cxb5 axb5 43. axb5 Bb6 44. Kd3 f5 45. g5 Bd8 46. Kc4 Bb6 47. Bf4 Ba7 48. Be3 Kd6 49. e7 Kxe7 50. Bxc5+ Bxc5 51. Kxc5 Kd7 52. b6 f4 53. Kd4 1-0

[Event "SVK-chT4 A21 1718"]
[Site "Slovakia"]
[Date "2018.01.28"]
[Round "8.2"]
[White "Vach, Jozef"]
[Black "Miciak, Emanuel"]
[Result "1/2-1/2"]
[WhiteElo "1699"]
[BlackElo "1909"]
[PlyCount "66"]
[EventDate "2017.10.01"]
[EventType "team-tourn"]
[EventRounds "11"]
[EventCountry "SVK"]
[SourceTitle "EXT 2019"]
[Source "ChessBase"]
[SourceDate "2018.10.10"]
[SourceVersion "1"]
[SourceVersionDate "2018.10.10"]
[SourceQuality "1"]
[WhiteTeam "Holic II"]
[BlackTeam "Vrbove II"]
[WhiteTeamCountry "SVK"]
[BlackTeamCountry "SVK"]

1. d4 Nf6 2. Nf3 d5 3. c4 c6 4. Nc3 Bf5 5. Qb3 Qb6 6. Qxb6 axb6 7. cxd5 Nxd5 8. Nxd5 cxd5 9. e3 Nc6 10. Bd2 Bd7 11. a3 e6 12. Bb5 Bd6 13. 0-0 f6 14. Bc3 Na5 15. Bxd7+ Kxd7 16. Bxa5 bxa5 17. Rfc1 Rhc8 18. Ne1 Rxc1 19. Rxc1 Rc8 20. Rxc8 Kxc8 21. h3 Kc7 22. Kf1 Kc6 23. a4 e5 24. Ke2 e4 25. Nc2 Kd7 26. b3 Ke6 27. Ne1 f5 28. g3 Kf6 29. Kf1 h5 30. Ng2 g5 31. Ke2 Be7 32. Kf1 Bd6 33. Ke2 Bc7 1/2-1/2

[Event "SVK-chT4 A21 1718"]
[Site "Slovakia"]
[Date "2017.11.12"]
[Round "4.2"]
[White "Vach, Jozef"]
[Black "Zajicek, Ferdinand"]
[Result "1/2-1/2"]
[WhiteElo "1685"]
[BlackElo "1768"]
[PlyCount "91"]
[EventDate "2017.10.01"]
[EventType "team-tourn"]
[EventRounds "11"]
[EventCountry "SVK"]
[SourceTitle "EXT 2019"]
[Source "ChessBase"]
[SourceDate "2018.10.10"]
[SourceVersion "1"]
[SourceVersionDate "2018.10.10"]
[SourceQuality "1"]
[WhiteTeam "Holic II"]
[BlackTeam "Gbely Nafta III"]
[WhiteTeamCountry "SVK"]
[BlackTeamCountry "SVK"]

1. e4 Nc6 2. d4 d5 3. e5 f6 4. exf6 Nxf6 5. Nf3 e6 6. Bb5 Bd7 7. 0-0 Be7 8. Re1 0-0 9. c3 a6 10. Bd3 Qe8 11. Nbd2 Qh5 12. Ne5 Qxd1 13. Rxd1 Nxe5 14. dxe5 Ng4 15. Nf3 Bc5 16. Rf1 Rf7 17. h3 Nh6 18. Bxh6 gxh6 19. Be2 Bb6 20. g3 Raf8 21. Kg2 Bb5 22. Bxb5 Rxf3 23. Bd7 Rxf2+ 24. Rxf2 Rxf2+ 25. Kh1 Kf7 26. Rb1 c5 27. Bc8 Bc7 28. Bxb7 a5 29. Ba6 Bxe5 30. Rf1 Bxg3 31. Kg1 Rxf1+ 32. Kxf1 e5 33. Ke2 Bf4 34. Bb7 Ke6 35. Bc8+ Kd6 36. Bf5 c4 37. Bxh7 Kc5 38. Bc2 Bc1 39. b3 d4 40. cxd4+ exd4 41. bxc4 Kxc4 42. Bb3+ Kc3 43. Kd1 Be3 44. Bf7 Bg5 45. Be8 Kb2 46. Bf7 1/2-1/2

[Event "SVK-chT4 A21 1617"]
[Site "Slovakia"]
[Date "2017.03.12"]
[Round "11.2"]
[White "Vach, Jozef"]
[Black "Miciak, Emanuel"]
[Result "0-1"]
[WhiteElo "1683"]
[BlackElo "1873"]
[PlyCount "135"]
[EventDate "2016.10.09"]
[EventType "team-tourn"]
[EventRounds "11"]
[EventCountry "SVK"]
[SourceTitle "EXT 2020"]
[Source "ChessBase"]
[SourceDate "2019.10.17"]
[SourceVersion "1"]
[SourceVersionDate "2019.10.17"]
[SourceQuality "1"]
[WhiteTeam "Holic II"]
[BlackTeam "Vrbove"]
[WhiteTeamCountry "SVK"]
[BlackTeamCountry "SVK"]

1. d4 Nf6 2. Nf3 g6 3. g3 Bg7 4. Bg2 0-0 5. 0-0 d5 6. b3 Nbd7 7. Bb2 Ne4 8. Nbd2 Ndf6 9. Ne5 Bf5 10. Ndf3 c6 11. Nh4 Bc8 12. Nhf3 Bf5 13. Nh4 Bc8 14. Nhf3 Nd6 15. e3 Nfe4 16. c3 Bf6 17. h3 Ng5 18. Nxg5 Bxg5 19. h4 Bf6 20. Kh2 Qc7 21. Nd3 Bf5 22. f4 h5 23. Ne5 Bg7 24. Rc1 f6 25. Nf3 Qd7 26. Ng1 Rae8 27. Bh3 Rf7 28. Bg2 Bh6 29. Nf3 Rg7 30. c4 e6 31. c5 Nf7 32. b4 Kh7 33. Qe1 Reg8 34. Rg1 Be4 35. Nd2 Bxg2 36. Rxg2 g5 37. hxg5 fxg5 38. Qf2 gxf4 39. exf4 h4 40. Rcg1 Qc7 41. Kh3 hxg3 42. Rxg3 Rxg3+ 43. Rxg3 Rxg3+ 44. Qxg3 Bxf4 45. Qh4+ Bh6 46. Nf3 Qf4 47. Qxf4 Bxf4 48. Kg4 Bc7 49. Bc3 Kg6 50. Ne5+ Bxe5 51. dxe5 Nh6+ 52. Kf4 Kh5 53. Be1 Nf7 54. Bf2 Nh8 55. Bg3 Ng6+ 56. Kf3 Kg5 57. Ke3 Ne7 58. Bf4+ Kf5 59. Bh2 Ng6 60. Kd4 Nh4 61. Ke3 Kg4 62. Bg1 Nf5+ 63. Kd3 Kf3 64. Bh2 Ne7 65. a4 Ng6 66. Bg1 Nxe5+ 67. Kd4 Ng4 68. Kd3 0-1

[Event "SVK-chT4 A21 1617"]
[Site "Slovakia"]
[Date "2016.12.18"]
[Round "6.1"]
[White "Vach, Jozef"]
[Black "Sadlon, Juraj"]
[Result "0-1"]
[WhiteElo "1706"]
[BlackElo "1873"]
[PlyCount "74"]
[EventDate "2016.10.09"]
[EventType "team-tourn"]
[EventRounds "11"]
[EventCountry "SVK"]
[SourceTitle "EXT 2018"]
[Source "ChessBase"]
[SourceDate "2017.10.13"]
[SourceVersion "1"]
[SourceVersionDate "2017.10.13"]
[SourceQuality "1"]
[WhiteTeam "Holic II"]
[BlackTeam "Brezova pod Bradlom"]
[WhiteTeamCountry "SVK"]
[BlackTeamCountry "SVK"]

1. d4 Nf6 2. c4 c6 3. Nc3 d6 4. Nf3 Bg4 5. e4 Nbd7 6. Be2 g6 7. Be3 Bg7 8. Qd2 Qc7 9. h3 Bxf3 10. Bxf3 e5 11. d5 c5 12. Nb5 Qb6 13. a4 a5 14. Bh6 0-0 15. g4 Ne8 16. h4 f6 17. Be3 Nc7 18. Be2 Nxb5 19. axb5 a4 20. Qd3 Qd8 21. f3 Nb6 22. f4 exf4 23. Bxf4 Qe7 24. Rb1 Rfe8 25. Bf3 f5 26. gxf5 gxf5 27. Bg5 fxe4 28. Qe3 Nxc4 29. Qe2 exf3 30. Qxe7 Rxe7+ 31. Bxe7 Re8 32. Kf2 Rxe7 33. b3 Bd4+ 34. Kg3 axb3 35. Rxb3 f2 36. Rd3 Rg7+ 37. Kh3 Ne3 0-1

[Event "SVK-chT3A2 1617"]
[Site "Slovakia"]
[Date "2016.11.27"]
[Round "4.5"]
[White "Vegh, Vince"]
[Black "Vach, Jozef"]
[Result "1-0"]
[WhiteElo "1958"]
[BlackElo "1706"]
[PlyCount "79"]
[EventDate "2016.10.16"]
[EventType "team-tourn"]
[EventRounds "11"]
[EventCountry "SVK"]
[SourceTitle "EXT 2020"]
[Source "ChessBase"]
[SourceDate "2019.10.17"]
[SourceVersion "1"]
[SourceVersionDate "2019.10.17"]
[SourceQuality "1"]
[WhiteTeam "Potonska Veza II"]
[BlackTeam "Holic"]
[WhiteTeamCountry "SVK"]
[BlackTeamCountry "SVK"]

1. e4 e5 2. Nf3 Nc6 3. Bb5 a6 4. Ba4 d6 5. h3 Be7 6. c3 b5 7. Bc2 Nf6 8. 0-0 0-0 9. a4 Bb7 10. d3 d5 11. Qe2 d4 12. cxd4 Nxd4 13. Nxd4 exd4 14. Nd2 c5 15. f4 Qd7 16. Nf3 h6 17. Bd2 Rac8 18. axb5 axb5 19. Ra7 Ra8 20. Rfa1 Rxa7 21. Rxa7 Ra8 22. Rxa8+ Bxa8 23. Bb3 Qc7 24. Ne5 Kf8 25. Bxf7 Bd6 26. Bg6 Bxe5 27. fxe5 Qxe5 28. Qf2 Kg8 29. Bf4 Qe7 30. b3 Kh8 31. Qa2 Bc6 32. Qa5 Nxe4 33. Qe1 Bd5 34. Bxe4 Bxb3 35. Qa5 b4 36. Qa8+ Bg8 37. Bd5 Qe1+ 38. Kh2 Kh7 39. Qxg8+ Kg6 40. Qf7+ 1-0

[Event "SVK-chT3A2 1617"]
[Site "Slovakia"]
[Date "2016.10.30"]
[Round "2.4"]
[White "Krist, Milan"]
[Black "Vach, Jozef"]
[Result "1/2-1/2"]
[WhiteElo "1868"]
[BlackElo "1706"]
[PlyCount "53"]
[EventDate "2016.10.16"]
[EventType "team-tourn"]
[EventRounds "11"]
[EventCountry "SVK"]
[SourceTitle "EXT 2020"]
[Source "ChessBase"]
[SourceDate "2019.10.17"]
[SourceVersion "1"]
[SourceVersionDate "2019.10.17"]
[SourceQuality "1"]
[WhiteTeam "Trnava Lokomotiva III"]
[BlackTeam "Holic"]
[WhiteTeamCountry "SVK"]
[BlackTeamCountry "SVK"]

1. d4 Nf6 2. Nf3 d5 3. c4 c6 4. e3 Bg4 5. Nc3 e6 6. c5 Nbd7 7. Bd3 e5 8. Be2 e4 9. Nd2 Bxe2 10. Qxe2 Be7 11. 0-0 0-0 12. b4 b6 13. Nb3 Qc8 14. Bd2 Bd8 15. Rfc1 a5 16. bxa5 bxc5 17. dxc5 Ne5 18. Na4 Nd3 19. Rc2 Qa6 20. Nb6 Ra7 21. Qf1 Ng4 22. Be1 Nge5 23. h3 Bh4 24. Nd4 Nxe1 25. Qxa6 Rxa6 26. Rxe1 Rxa5 27. Ree2 1/2-1/2

[Event "SVK-chT3A2 1617"]
[Site "Slovakia"]
[Date "2016.10.16"]
[Round "1.4"]
[White "Vach, Jozef"]
[Black "Rusnacik, Milan"]
[Result "1-0"]
[WhiteElo "1706"]
[BlackElo "1296"]
[PlyCount "59"]
[EventDate "2016.10.16"]
[EventType "team-tourn"]
[EventRounds "11"]
[EventCountry "SVK"]
[SourceTitle "EXT 2020"]
[Source "ChessBase"]
[SourceDate "2019.10.17"]
[SourceVersion "1"]
[SourceVersionDate "2019.10.17"]
[SourceQuality "1"]
[WhiteTeam "Holic"]
[BlackTeam "Modranka Komplet"]
[WhiteTeamCountry "SVK"]
[BlackTeamCountry "SVK"]

1. e4 c5 2. Nf3 Nc6 3. d4 cxd4 4. Nxd4 d6 5. Nc3 a6 6. Be3 Bd7 7. Be2 Nf6 8. 0-0 e6 9. Qd2 Be7 10. h3 Qc7 11. f4 Rc8 12. Bf3 b5 13. Rac1 Na5 14. Nd1 Nc4 15. Qf2 Nxe3 16. Nxe3 Qb6 17. Rfd1 0-0 18. f5 e5 19. Ne2 Ne8 20. Nc3 Bg5 21. Ncd5 Qa7 22. h4 Bh6 23. Rd3 Bc6 24. Re1 a5 25. c3 Rb8 26. g4 g6 27. g5 Bg7 28. f6 Bh8 29. Ng4 Bxf6 30. Qxa7 1-0

[Event "SVK-chT5 1516"]
[Site "Slovakia"]
[Date "2016.03.05"]
[Round "8.3"]
[White "Zajicek, Ferdinand"]
[Black "Vach, Jozef"]
[Result "1/2-1/2"]
[WhiteElo "1757"]
[BlackElo "1708"]
[PlyCount "120"]
[EventDate "2015.10.24"]
[EventType "team-tourn"]
[EventRounds "9"]
[EventCountry "SVK"]
[SourceTitle "EXT 2017"]
[Source "ChessBase"]
[SourceDate "2016.10.25"]
[SourceVersion "1"]
[SourceVersionDate "2016.10.25"]
[SourceQuality "1"]
[WhiteTeam "Gbely Nafta IV"]
[BlackTeam "Holic II"]
[WhiteTeamCountry "SVK"]
[BlackTeamCountry "SVK"]

1. e4 e5 2. Nf3 Nc6 3. Nc3 Nf6 4. Bc4 Be7 5. a3 d6 6. h3 Na5 7. Ba2 c5 8. d3 Nc6 9. 0-0 0-0 10. Ne2 h6 11. Be3 d5 12. exd5 Nxd5 13. Qc1 Be6 14. Ng3 Nxe3 15. fxe3 Bxa2 16. Rxa2 g6 17. Rf2 Kg7 18. Ra1 Qc7 19. Qd2 Rad8 20. Qc3 b6 21. Ne4 f5 22. Ned2 Bf6 23. Qc4 Rfe8 24. Raf1 Qd7 25. b4 cxb4 26. axb4 Ne7 27. Qb3 Nd5 28. e4 Ne3 29. Re1 f4 30. Nf1 Nxf1 31. Rexf1 g5 32. Nh2 Qd4 33. Ng4 Be7 34. Qe6 Qd6 35. Qxe5+ Qxe5 36. Nxe5 Bxb4 37. Nc6 Bc5 38. Nxd8 Rxd8 39. Ra1 Rd7 40. Kf1 Bxf2 41. Kxf2 Kf6 42. Rb1 Rc7 43. c4 Rc5 44. g3 Ke5 45. Kf3 fxg3 46. Kxg3 Kd4 47. Rb5 Rxb5 48. cxb5 h5 49. Kf3 Kc5 50. e5 Kxb5 51. Ke4 g4 52. hxg4 hxg4 53. Kd5 g3 54. e6 g2 55. e7 g1Q 56. e8Q+ Ka5 57. d4 Qc1 58. Qe5 Qc8 59. Qe1+ Ka6 60. Qe6 Qd8+ 1/2-1/2

[Event "SVK-chT5 1516"]
[Site "Slovakia"]
[Date "2015.11.14"]
[Round "2.3"]
[White "Vach, Jozef"]
[Black "Jankovic, Vit"]
[Result "1-0"]
[WhiteElo "1697"]
[BlackElo "1118"]
[PlyCount "69"]
[EventDate "2015.10.24"]
[EventType "team-tourn"]
[EventRounds "9"]
[EventCountry "SVK"]
[SourceTitle "CBM 170 Extra"]
[Source "ChessBase"]
[SourceDate "2016.02.25"]
[SourceVersion "1"]
[SourceVersionDate "2016.02.25"]
[SourceQuality "1"]
[WhiteTeam "Holic II"]
[BlackTeam "Borsky Mikulas"]
[WhiteTeamCountry "SVK"]
[BlackTeamCountry "SVK"]

1. d4 d5 2. c4 Nf6 3. Nc3 Be6 4. Nf3 h6 5. cxd5 Nxd5 6. e4 Nxc3 7. bxc3 Bg4 8. Be2 Bd7 9. a4 g6 10. Qb3 Bc6 11. Ne5 e6 12. Bf3 Bg7 13. Bf4 Nd7 14. Nxc6 bxc6 15. Qb7 0-0 16. Qxc6 Rb8 17. Qxc7 e5 18. Qxd8 Rfxd8 19. Be3 Rdc8 20. Rc1 Rb3 21. Bg4 Rc7 22. 0-0 Nb6 23. dxe5 Bxe5 24. Bd4 Bxd4 25. cxd4 Rxc1 26. Rxc1 Nxa4 27. Be2 a5 28. f3 Nc3 29. Bc4 Ra3 30. Kf1 Na4 31. Bb5 Nb6 32. Rc6 Na4 33. d5 Ra1+ 34. Ke2 Nb2 35. d6 1-0

[Event "SVK-chT3A2 1314"]
[Site "Slovakia"]
[Date "2014.03.23"]
[Round "11.4"]
[White "Slamena, Michal"]
[Black "Vach, Jozef"]
[Result "1/2-1/2"]
[WhiteElo "1991"]
[BlackElo "1799"]
[PlyCount "99"]
[EventDate "2013.10.13"]
[EventType "team-tourn"]
[EventRounds "11"]
[EventCountry "SVK"]
[SourceTitle "EXT 2015"]
[Source "ChessBase"]
[SourceDate "2014.11.20"]
[SourceVersion "1"]
[SourceVersionDate "2014.11.20"]
[SourceQuality "1"]
[WhiteTeam "Hlohovec"]
[BlackTeam "Skalica"]
[WhiteTeamCountry "SVK"]
[BlackTeamCountry "SVK"]

1. e4 e5 2. Nf3 Nc6 3. Bb5 a6 4. Ba4 Nf6 5. 0-0 b5 6. Bb3 Be7 7. d4 d6 8. a4 Bg4 9. Be3 Nxd4 10. Bxd4 exd4 11. Qxd4 c5 12. Qe3 c4 13. Ba2 Bxf3 14. Qxf3 Nd7 15. Nc3 Rb8 16. Rad1 0-0 17. axb5 axb5 18. Nd5 Re8 19. Qg3 Bf8 20. Rfe1 Nf6 21. e5 Nxd5 22. Rxd5 Qa5 23. Ra1 Qb4 24. Qa3 Qxa3 25. bxa3 dxe5 26. Rb1 Red8 27. Rbxb5 Rxd5 28. Rxd5 Rb2 29. Bxc4 Rxc2 30. Bf1 Ra2 31. Rxe5 Rxa3 32. g4 Ra7 33. Kg2 Rc7 34. h4 g6 35. Bd3 Kg7 36. Rd5 h6 37. f4 Be7 38. h5 gxh5 39. Rxh5 Rc5 40. Rh3 f6 41. Re3 Rc7 42. Kf3 Bc5 43. Re6 Re7 44. f5 Rxe6 45. fxe6 Kf8 46. Kf4 Ke7 47. Kf5 Be3 48. Bc4 Bg5 49. Kg6 Bc1 50. Bd5 1/2-1/2

[Event "SVK-chT4A21 1314"]
[Site "Slovakia"]
[Date "2013.12.08"]
[Round "5.5"]
[White "Vach, Jozef"]
[Black "Divinec, Peter"]
[Result "1-0"]
[WhiteElo "1799"]
[BlackElo "1292"]
[PlyCount "35"]
[EventDate "2013.10.06"]
[EventType "team-tourn"]
[EventRounds "11"]
[EventCountry "SVK"]
[SourceTitle "EXT 2022"]
[Source "ChessBase"]
[SourceDate "2021.10.06"]
[SourceVersion "1"]
[SourceVersionDate "2021.10.06"]
[SourceQuality "1"]
[WhiteTeam "Skalica II"]
[BlackTeam "Piestany Kupele II"]
[WhiteTeamCountry "SVK"]
[BlackTeamCountry "SVK"]

1. e4 e5 2. f4 exf4 3. Nf3 d6 4. d4 Bg4 5. Bc4 Bxf3 6. Qxf3 Nc6 7. Qxf4 Qf6 8. c3 Qxf4 9. Bxf4 f6 10. Nd2 g5 11. Bg3 0-0-0 12. b4 a6 13. a4 Nce7 14. 0-0 Ng6 15. Be6+ Kb8 16. a5 Nh6 17. Rfb1 d5 18. b5 1-0